000 00652nam a22002057a 4500
999 _c13211
_d13211
003 AR-CdUCM
008 190411b ||||| |||| 00| 0 spa d
040 _aMUNICIPALIDAD PROVINCIAL DEL CUSCO
_cBIBLIOTECA MUNICIPAL DEL CUSCO
082 _a597 /
_bR84 / 1942
100 _aHurtado Povea.L
_931479
110 _aUniversidad Nacional del Cusco
_929920
245 _aEstudio de vitaminas en el aceite de ¨Suche¨ /
260 _aCusco :
_bRozas Sucs,
_c1942.
300 _a13 paginas ;
_c21 cm.
505 _aContenido :Vitaminas /
650 _aQuimica
_94512
650 _aVoitaminas
_931480
942 _2ddc
_cFOLLETOS
945 _arjall
_d2019-04-11